[Event "Mitropa Cup"]
[Site "Trencin"]
[Date "2025.05.19"]
[Round "6.4"]
[White "Balint, Peter1"]
[Black "Bango, Lukas"]
[Result "0-1"]
[WhiteElo "2342"]
[BlackElo "2280"]
[PlyCount "110"]
[EventDate "2025.05.14"]
[EventType "team-tourn"]
[EventRounds "9"]
[EventCountry "SVK"]
[SourceTitle "CB22_2025"]
[SourceDate "2025.05.28"]
[SourceVersion "1"]
[SourceVersionDate "2025.05.28"]
[SourceQuality "1"]
[WhiteTeam "Austria"]
[BlackTeam "Slovakia II"]
[WhiteTeamCountry "AUT"]
[BlackTeamCountry "SVK"]

1. e4 c5 2. Nf3 g6 3. d4 cxd4 4. Nxd4 Bg7 5. c4 Nc6 6. Be3 Qb6 7. Nb3 Qd8 8. Qd2 Nf6 9. Nc3 d6 10. Be2 0-0 11. 0-0 a5 12. h3 a4 13. Nd4 Nxd4 14. Bxd4 Bd7 15. Qe3 Qa5 16. a3 Ra6 17. Na2 e5 18. Bc3 Qc5 19. Qf3 Bc6 20. Bd3 Raa8 21. Qe2 Nh5 22. Rfd1 Nf4 23. Qf1 Nxd3 24. Qxd3 f5 25. Bb4 Qxf2+ 26. Kxf2 fxe4+ 27. Kg1 exd3 28. Rxd3 Rf4 29. Rxd6 Rxc4 30. Rd2 e4 31. Rad1 Re8 32. Bc3 e3 33. Re2 Bh6 34. Nb4 Rxc3 35. bxc3 Bb5 36. Kf1 Rf8+ 37. Ke1 Bf4 38. Rd3 Bxd3 39. Nxd3 Bd6 40. Rxe3 Bxa3 41. Kd2 Bd6 42. Re6 Rd8 43. Kc2 b5 44. Re4 Rc8 45. Rd4 Bf8 46. Nf4 b4 47. Nd5 b3+ 48. Kb2 Ra8 49. Rd1 Rb8 50. Nf6+ Kg7 51. Nd7 a3+ 52. Ka1 Rd8 53. Rd3 Kh8 54. Kb1 Bg7 55. g4 Re8 0-1

[Event "Mitropa Cup"]
[Site "Trencin"]
[Date "2025.05.14"]
[Round "1.4"]
[White "Bango, Lukas"]
[Black "Druska, Juraj"]
[Result "0-1"]
[WhiteElo "2280"]
[BlackElo "2446"]
[PlyCount "68"]
[EventDate "2025.05.14"]
[EventType "team-tourn"]
[EventRounds "9"]
[EventCountry "SVK"]
[SourceTitle "CB22_2025"]
[SourceDate "2025.05.28"]
[SourceVersion "1"]
[SourceVersionDate "2025.05.28"]
[SourceQuality "1"]
[WhiteTeam "Slovakia II"]
[BlackTeam "Slovakia"]
[WhiteTeamCountry "SVK"]
[BlackTeamCountry "SVK"]

1. Nf3 g6 2. g3 Bg7 3. Bg2 c5 4. d4 cxd4 5. Nxd4 Nc6 6. Nxc6 bxc6 7. 0-0 Rb8 8. c3 Nf6 9. e4 d5 10. Nd2 0-0 11. Qa4 Qb6 12. exd5 cxd5 13. Nb3 Bd7 14. Qa3 e5 15. Be3 d4 16. cxd4 Ng4 17. Bg5 exd4 18. Be7 Rfc8 19. Bc5 Qb5 20. Bxd4 Qh5 21. h3 Ne5 22. f4 Rc2 23. fxe5 Rxg2+ 24. Kxg2 Qxh3+ 25. Kf2 Qh2+ 26. Ke1 Bb5 27. Nc1 Bh6 28. Bf2 Qg2 29. Ne2 Bxe2 30. Kxe2 Qe4+ 31. Be3 Bxe3 32. Rae1 Bc5+ 33. Kd2 Bb4+ 34. Kc1 Qc4+ 0-1

[Event "SVK-chT rapid"]
[Site "Poprad"]
[Date "2025.05.04"]
[Round "6.4"]
[White "Bango, Lukas"]
[Black "Sahidi, Sear"]
[Result "1-0"]
[WhiteElo "2157"]
[BlackElo "1966"]
[PlyCount "75"]
[EventDate "2025.05.04"]
[EventType "team-swiss (rapid)"]
[EventRounds "7"]
[EventCountry "SVK"]
[SourceTitle "CB19_2025"]
[SourceDate "2025.05.07"]
[SourceVersion "1"]
[SourceVersionDate "2025.05.07"]
[SourceQuality "1"]

1. d4 d5 2. Nf3 Nf6 3. c4 e6 4. g3 Be7 5. Bg2 0-0 6. 0-0 Nbd7 7. b3 c5 8. cxd5 exd5 9. Bb2 Nb6 10. Nbd2 Bf5 11. dxc5 Bxc5 12. Rc1 Rc8 13. Nd4 Be6 14. h3 Qd7 15. Kh2 Rc7 16. a4 Bxd4 17. Bxd4 Rxc1 18. Qxc1 Rc8 19. Qb2 Qe7 20. a5 Nbd7 21. Bxa7 Ra8 22. Qd4 Qd8 23. b4 Qc7 24. e4 dxe4 25. Nxe4 Nxe4 26. Bxe4 Nf6 27. Bb6 Qc8 28. Bg2 Qc4 29. Rd1 h6 30. Qxc4 Bxc4 31. Bxb7 Re8 32. Rd8 Rxd8 33. Bxd8 Nd5 34. a6 Bxa6 35. Bxd5 Kf8 36. Bc6 Bc8 37. b5 f5 38. b6 1-0

[Event "SVK-chT rapid"]
[Site "Poprad"]
[Date "2025.05.04"]
[Round "7.4"]
[White "Nadzamova, Viktoria"]
[Black "Bango, Lukas"]
[Result "0-1"]
[WhiteElo "1969"]
[BlackElo "2157"]
[PlyCount "66"]
[EventDate "2025.05.04"]
[EventType "team-swiss (rapid)"]
[EventRounds "7"]
[EventCountry "SVK"]
[SourceTitle "CB19_2025"]
[SourceDate "2025.05.07"]
[SourceVersion "1"]
[SourceVersionDate "2025.05.07"]
[SourceQuality "1"]

1. e4 c5 2. Nc3 e6 3. g3 d5 4. Bg2 Nf6 5. d3 Nc6 6. Bg5 d4 7. Nce2 Be7 8. Bxf6 Bxf6 9. f4 e5 10. Nf3 h5 11. Qd2 g6 12. 0-0-0 Be6 13. Kb1 h4 14. fxe5 Nxe5 15. Nxe5 Bxe5 16. Nf4 Qg5 17. Nxe6 Qxd2 18. Ng7+ Kf8 19. Rxd2 Kxg7 20. g4 h3 21. Bf3 Rad8 22. Rf2 Rd6 23. g5 Rh4 24. Rhf1 f6 25. Be2 fxg5 26. Rf7+ Kh6 27. Re7 Bxh2 28. e5 Rd8 29. e6 Bd6 30. Ref7 Re8 31. Rxb7 Rxe6 32. Bd1 h2 33. Rh1 Bg3 0-1

[Event "SVK-chT rapid"]
[Site "Poprad"]
[Date "2025.05.04"]
[Round "5.4"]
[White "Zahorsky, Robert"]
[Black "Bango, Lukas"]
[Result "0-1"]
[WhiteElo "1919"]
[BlackElo "2157"]
[PlyCount "92"]
[EventDate "2025.05.04"]
[EventType "team-swiss (rapid)"]
[EventRounds "7"]
[EventCountry "SVK"]
[SourceTitle "CB19_2025"]
[SourceDate "2025.05.07"]
[SourceVersion "1"]
[SourceVersionDate "2025.05.07"]
[SourceQuality "1"]

1. d4 d5 2. c4 e6 3. Nf3 c5 4. Nc3 Nf6 5. Bg5 cxd4 6. Nxd4 Be7 7. e3 0-0 8. Be2 Nc6 9. 0-0 h6 10. Bh4 Ne5 11. cxd5 exd5 12. Qb3 Nc6 13. Rfd1 Na5 14. Qa4 Bd7 15. Bb5 Bg4 16. Be2 Bd7 17. Bb5 Be6 18. b4 Rc8 19. Rac1 Nc4 20. Nxe6 fxe6 21. Bxf6 Bxf6 22. Nxd5 Nb2 23. Rxc8 Qxc8 24. Nxf6+ Rxf6 25. Bd7 Qc3 26. Bxe6+ Rxe6 27. Rd8+ Kh7 28. Qb5 Qe1+ 29. Qf1 Qxf1+ 30. Kxf1 Ra6 31. Rd7 Rxa2 32. Rxb7 Nd3 33. b5 Rxf2+ 34. Kg1 Ra2 35. h3 Ne1 36. b6 axb6 37. Rxb6 Nxg2 38. e4 Nf4 39. h4 Rg2+ 40. Kh1 Rg4 41. h5 Nxh5 42. e5 Re4 43. Rb5 Re2 44. e6 Ng3+ 45. Kg1 Rxe6 46. Kf2 Ne4+ 0-1

[Event "SVK-ch rapid"]
[Site "Poprad"]
[Date "2025.05.03"]
[Round "1"]
[White "Bango, Lukas"]
[Black "Szaszak, Robert"]
[Result "1-0"]
[WhiteElo "2157"]
[BlackElo "1844"]
[PlyCount "49"]
[EventDate "2025.05.03"]
[EventType "swiss (rapid)"]
[EventRounds "7"]
[EventCountry "SVK"]
[SourceTitle "CB19_2025"]
[SourceDate "2025.05.07"]
[SourceVersion "1"]
[SourceVersionDate "2025.05.07"]
[SourceQuality "1"]

1. Nf3 d5 2. g3 c6 3. Bg2 Bf5 4. 0-0 Nf6 5. c4 dxc4 6. Na3 e6 7. Nxc4 Be7 8. d3 0-0 9. Qb3 b6 10. Nfe5 Qc7 11. a4 Nfd7 12. Bf4 Nxe5 13. Bxe5 Qd7 14. Bxb8 Raxb8 15. Ne5 Qd6 16. Nxc6 Rbc8 17. Nxa7 Rc5 18. Rfc1 e5 19. Nc6 Bg5 20. Rxc5 bxc5 21. Qd5 Qh6 22. a5 Be6 23. Qxc5 Rc8 24. a6 Bd7 25. a7 1-0

[Event "SVK-ch blitz"]
[Site "Poprad"]
[Date "2025.05.02"]
[Round "8"]
[White "Bango, Lukas"]
[Black "Hurtuk, Radovan"]
[Result "1-0"]
[WhiteElo "2289"]
[BlackElo "2061"]
[PlyCount "81"]
[EventDate "2025.05.02"]
[EventType "swiss (blitz)"]
[EventRounds "13"]
[EventCountry "SVK"]
[SourceTitle "CB19_2025"]
[SourceDate "2025.05.07"]
[SourceVersion "1"]
[SourceVersionDate "2025.05.07"]
[SourceQuality "1"]

1. d4 b6 2. Nf3 Bb7 3. c4 e6 4. Nc3 Nf6 5. e3 d5 6. Bd3 c5 7. 0-0 Be7 8. cxd5 Nxd5 9. e4 Nxc3 10. bxc3 Nc6 11. Bb2 0-0 12. Qe2 cxd4 13. cxd4 Nb4 14. Bb1 Ba6 15. Qe1 Bxf1 16. Qxf1 Rc8 17. Qd1 Qc7 18. a3 Nc6 19. h4 Na5 20. Ra2 Nc4 21. Bc1 Ne5 22. Bf4 Nxf3+ 23. Qxf3 Bd6 24. e5 Be7 25. h5 Rfd8 26. Qe4 g6 27. Kh2 Qc6 28. Be3 Qxe4 29. Bxe4 Rc3 30. a4 Rdc8 31. d5 exd5 32. Bxd5 Rd8 33. Bf3 Ra3 34. Rc2 Rxa4 35. Rc7 Bf8 36. Bg5 Re8 37. Bd5 Bg7 38. Bxf7+ Kf8 39. f4 gxh5 40. Bxe8 Kxe8 41. Rxg7 1-0

[Event "SVK-ch blitz"]
[Site "Poprad"]
[Date "2025.05.02"]
[Round "2"]
[White "Nikel, Rastislav"]
[Black "Bango, Lukas"]
[Result "0-1"]
[WhiteElo "1951"]
[BlackElo "2289"]
[PlyCount "80"]
[EventDate "2025.05.02"]
[EventType "swiss (blitz)"]
[EventRounds "13"]
[EventCountry "SVK"]
[SourceTitle "CB19_2025"]
[SourceDate "2025.05.07"]
[SourceVersion "1"]
[SourceVersionDate "2025.05.07"]
[SourceQuality "1"]

1. e4 c5 2. Nf3 g6 3. d4 cxd4 4. Nxd4 Bg7 5. c4 Nc6 6. Nxc6 bxc6 7. Be2 Nf6 8. Nc3 0-0 9. 0-0 d6 10. Be3 Qa5 11. Qc2 Ng4 12. Bxg4 Bxg4 13. f3 Be6 14. Ne2 Rab8 15. Rab1 Qxa2 16. Nd4 Qxc4 17. Qxc4 Bxc4 18. Rfc1 Bd3 19. Ra1 c5 20. Nc6 Bxb2 21. Nxb8 Rxb8 22. Rd1 Bc2 23. Re1 Bxa1 24. Rxa1 Rb1+ 25. Rxb1 Bxb1 26. Kf2 a5 27. Bd2 a4 28. Bc3 a3 29. Ke3 e6 30. f4 d5 31. exd5 exd5 32. Ba1 d4+ 33. Kd2 f5 34. g3 Kf7 35. Kc1 a2 36. Kd2 Ke6 37. Bb2 Kd5 38. Ba1 c4 39. Ke2 c3 40. Kd1 Kc4 0-1

[Event "SVK-chT1W 2425"]
[Site "Slovakia"]
[Date "2025.01.11"]
[Round "5.3"]
[White "Solcan, Martin"]
[Black "Bango, Lukas"]
[Result "0-1"]
[WhiteElo "2245"]
[BlackElo "2248"]
[PlyCount "154"]
[EventDate "2024.11.16"]
[EventType "team-tourn"]
[EventRounds "11"]
[EventCountry "SVK"]
[SourceTitle "CB14_2025"]
[SourceDate "2024.11.01"]
[SourceVersion "1"]
[SourceVersionDate "2024.11.01"]
[SourceQuality "1"]
[WhiteTeam "Levice"]
[BlackTeam "Trnava Sered"]
[WhiteTeamCountry "SVK"]
[BlackTeamCountry "SVK"]

1. g3 c5 2. Bg2 g6 3. c4 Bg7 4. Nc3 Nc6 5. Nf3 Nf6 6. 0-0 0-0 7. d3 d5 8. cxd5 Nxd5 9. Nxd5 Qxd5 10. Be3 Qd6 11. Rc1 Nd4 12. Nxd4 cxd4 13. Bd2 Bg4 14. h3 Be6 15. Qa4 a5 16. Rc2 b5 17. Qxb5 Rfb8 18. Bf4 Rxb5 19. Bxd6 Ra7 20. Bf4 a4 21. Rfc1 Be5 22. Bh6 f6 23. a3 Kf7 24. h4 Ra6 25. Bd2 Bd6 26. e3 Rab6 27. Bc6 Rxb2 28. Bxa4 Bxa3 29. Rxb2 Rxb2 30. Rc2 Rb1+ 31. Kg2 Bd5+ 32. f3 Bb3 33. Bxb3+ Rxb3 34. exd4 Rxd3 35. Bc3 Bd6 36. Kf2 Rd1 37. Rd2 Rxd2+ 38. Bxd2 Ke6 39. Be1 Kd5 40. Ke3 Kc4 41. g4 e6 42. h5 gxh5 43. gxh5 f5 44. f4 Ba3 45. Bh4 Bc1+ 46. Kf3 Kxd4 47. Bf6+ Kd5 48. Be7 Bb2 49. Bf8 Bc3 50. Be7 Bb2 51. Bf8 Bf6 52. Bh6 Kc6 53. Ke3 Bb2 54. Kd3 Kd5 55. Bg5 Ba3 56. Bh6 Bc1 57. Kc2 Ba3 58. Kd3 Bc5 59. Bg5 e5 60. fxe5 Kxe5 61. Bd8 Kf4 62. Kc4 Ba7 63. Kd5 Kg4 64. Ke5 Bb8+ 65. Kf6 f4 66. h6 Ba7 67. Ba5 f3 68. Be1 Be3 69. Kg7 Kh5 70. Kxh7 Bxh6 71. Bf2 Bd2 72. Kg7 Kg5 73. Kf7 Kf5 74. Kg7 Ke4 75. Kf6 Kd3 76. Kf5 Ke2 77. Bg3 Be1 0-1

[Event "HUN-ch Blitz"]
[Site "Ajka"]
[Date "2024.07.19"]
[Round "6"]
[White "Shirov, Alexei"]
[Black "Bango, Lukas"]
[Result "1-0"]
[WhiteElo "2665"]
[BlackElo "2260"]
[PlyCount "73"]
[EventDate "2024.07.19"]
[EventType "swiss (blitz)"]
[EventRounds "13"]
[EventCountry "HUN"]
[SourceTitle "CBM 221 Extra"]
[Source "ChessBase"]
[SourceDate "2024.09.30"]
[SourceVersion "1"]
[SourceVersionDate "2024.09.30"]
[SourceQuality "1"]

1. e4 c5 2. Nf3 g6 3. c4 Bg7 4. d4 cxd4 5. Nxd4 Nc6 6. Be3 Qb6 7. Nb5 Qa5+ 8. N1c3 Nf6 9. Bd2 Qd8 10. Nd5 0-0 11. Nbc3 d6 12. Be2 Bd7 13. 0-0 Rc8 14. Rc1 a6 15. Be3 Nxd5 16. Nxd5 Be6 17. f4 Bxd5 18. exd5 Nb8 19. Qd2 Nd7 20. Bg4 Rc7 21. Rfe1 Nc5 22. f5 b5 23. cxb5 axb5 24. Rf1 Na4 25. fxg6 hxg6 26. Rce1 Nxb2 27. Bh6 Nc4 28. Qg5 Bxh6 29. Qxh6 Ne5 30. Re4 Rc4 31. Rxe5 dxe5 32. Be6 Qb6+ 33. Kh1 Rg4 34. Bxg4 f5 35. Bxf5 Rf6 36. Rc1 Rxf5 37. Rc8+ 1-0

[Event "SVK-chT 2324"]
[Site "Slovakia"]
[Date "2024.02.24"]
[Round "7.7"]
[White "Bango, Lukas"]
[Black "Pasti, Aron"]
[Result "0-1"]
[WhiteElo "2255"]
[BlackElo "2397"]
[PlyCount "125"]
[EventDate "2023.11.04"]
[EventType "team-tourn"]
[EventRounds "11"]
[EventCountry "SVK"]
[SourceTitle "CBM 220 Extra"]
[Source "ChessBase"]
[SourceDate "2024.07.31"]
[SourceVersion "1"]
[SourceVersionDate "2024.07.31"]
[SourceQuality "1"]
[WhiteTeam "Modra"]
[BlackTeam "Dunajska Streda"]
[WhiteTeamCountry "SVK"]
[BlackTeamCountry "SVK"]

1. Nf3 d5 2. d4 Nf6 3. g3 e6 4. Bg2 Be7 5. 0-0 0-0 6. c4 c6 7. Nc3 b6 8. b3 Ba6 9. cxd5 cxd5 10. Bb2 Nc6 11. a3 Na5 12. Re1 b5 13. Ne5 b4 14. Na4 Ne4 15. f3 bxa3 16. Bxa3 Nd6 17. e4 dxe4 18. fxe4 Bb5 19. Nc3 Be8 20. Bc5 Nab7 21. b4 Qc7 22. Kh1 Nxc5 23. bxc5 Nb5 24. Nxb5 Bxb5 25. Qb3 a6 26. Qe3 Bxc5 27. Rec1 Qxe5 28. Rxc5 Qb8 29. e5 Ra7 30. d5 Rd7 31. d6 f6 32. Bh3 Re8 33. exf6 Qxd6 34. fxg7 Rxg7 35. Re1 Rg6 36. Bg2 Rd8 37. Rg5 Bc4 38. Rxg6+ hxg6 39. Qe4 Qd3 40. Qxd3 Rxd3 41. Be4 Rd2 42. Bxg6 a5 43. Kg1 a4 44. Ra1 Ra2 45. Rc1 Bd5 46. h4 Rg2+ 47. Kf1 Rh2 48. Rc3 Ra2 49. h5 Kg7 50. Ke1 Bb3 51. Be8 Rb2 52. Rc7+ Kh6 53. Ra7 Ra2 54. g4 a3 55. Ra5 Bd5 56. g5+ Kxg5 57. Bc6 Kh6 58. Bxd5 exd5 59. Kd1 d4 60. Kc1 d3 61. Kd1 Ra1+ 62. Kd2 a2 63. Kc3 0-1

[Event "SVK-chT2B 2324"]
[Site "Slovakia"]
[Date "2024.02.11"]
[Round "9.1"]
[White "Krupa, Miroslav"]
[Black "Bango, Lukas"]
[Result "1-0"]
[WhiteElo "2022"]
[BlackElo "2259"]
[PlyCount "71"]
[EventDate "2023.10.07"]
[EventType "team-tourn"]
[EventRounds "11"]
[EventCountry "SVK"]
[SourceTitle "EXT 2025"]
[Source "ChessBase"]
[SourceDate "2024.10.14"]
[SourceVersion "1"]
[SourceVersionDate "2024.10.14"]
[SourceQuality "1"]
[WhiteTeam "Tlmace"]
[BlackTeam "Povazske Podhradie"]
[WhiteTeamCountry "SVK"]
[BlackTeamCountry "SVK"]

1. e4 c5 2. Nf3 d6 3. d4 cxd4 4. Nxd4 Nf6 5. Nc3 g6 6. Be3 Bg7 7. f3 0-0 8. Qd2 Nc6 9. 0-0-0 d5 10. exd5 Nxd5 11. Nxc6 bxc6 12. Nxd5 cxd5 13. Bh6 Bxh6 14. Qxh6 Qa5 15. Kb1 Rb8 16. h4 Bf5 17. Bd3 d4 18. Bxf5 Qxf5 19. Rxd4 Rfc8 20. Qd2 h5 21. Qd3 Qf6 22. g4 e5 23. Rd6 Qh8 24. Qd5 Kf8 25. Rd7 Qf6 26. gxh5 Qf5 27. Rc1 Rb6 28. hxg6 Rxg6 29. Qd3 Qf6 30. h5 Rg3 31. Rf1 Rc6 32. Qe4 Rg2 33. Rc1 Rg3 34. h6 Rxf3 35. h7 Rh3 36. Rg1 1-0

[Event "SVK-chT1W 2324"]
[Site "Slovakia"]
[Date "2024.02.04"]
[Round "9.4"]
[White "Bango, Lukas"]
[Black "Kolcak, Marek"]
[Result "1-0"]
[WhiteElo "2259"]
[BlackElo "2039"]
[PlyCount "83"]
[EventDate "2023.10.21"]
[EventType "team-tourn"]
[EventRounds "11"]
[EventCountry "SVK"]
[SourceTitle "EXT 2025"]
[Source "ChessBase"]
[SourceDate "2024.10.14"]
[SourceVersion "1"]
[SourceVersionDate "2024.10.14"]
[SourceQuality "1"]
[WhiteTeam "Trnava Sered"]
[BlackTeam "Bratislava Slovan III"]
[WhiteTeamCountry "SVK"]
[BlackTeamCountry "SVK"]

1. Nf3 d5 2. g3 Nf6 3. Bg2 Nbd7 4. d4 e6 5. 0-0 Bd6 6. c4 c6 7. Nc3 0-0 8. Nd2 Re8 9. e4 dxe4 10. Ndxe4 Bf8 11. Be3 Nxe4 12. Nxe4 Nf6 13. Nc3 Qc7 14. Rc1 Rd8 15. Qe2 b6 16. d5 Bb7 17. dxe6 fxe6 18. Bf4 Qf7 19. Rfe1 Re8 20. Rcd1 c5 21. Bxb7 Qxb7 22. Nb5 Rac8 23. Be5 Qf7 24. Rd3 Red8 25. Rf3 Rd7 26. Rf4 Be7 27. Qf3 Rcd8 28. Nc3 Qg6 29. Qc6 Bd6 30. Bxf6 gxf6 31. Rh4 f5 32. Kg2 Rc7 33. Qf3 Be7 34. Rh5 Rcd7 35. Qe2 Kf7 36. Rh3 Rd2 37. Qe3 Rxb2 38. Nd5 Bd6 39. Rxh7+ Kg8 40. Rh6 Qxh6 41. Qxh6 exd5 42. Qg5+ 1-0

[Event "SVK-chT2B 2324"]
[Site "Slovakia"]
[Date "2023.12.03"]
[Round "6.1"]
[White "Bango, Lukas"]
[Black "Kaniansky, Miroslav"]
[Result "0-1"]
[WhiteElo "2259"]
[BlackElo "2035"]
[PlyCount "149"]
[EventDate "2023.10.07"]
[EventType "team-tourn"]
[EventRounds "11"]
[EventCountry "SVK"]
[SourceTitle "EXT 2025"]
[Source "ChessBase"]
[SourceDate "2024.10.14"]
[SourceVersion "1"]
[SourceVersionDate "2024.10.14"]
[SourceQuality "1"]
[WhiteTeam "Povazske Podhradie"]
[BlackTeam "Prievidza II"]
[WhiteTeamCountry "SVK"]
[BlackTeamCountry "SVK"]

1. Nf3 d5 2. d4 Nf6 3. g3 g6 4. Bg2 Bg7 5. 0-0 0-0 6. c4 c6 7. Nc3 Ne4 8. Qb3 dxc4 9. Qxc4 Be6 10. Qb4 Nd6 11. Bf4 Na6 12. Qa4 Qb6 13. b3 Nf5 14. Rad1 Rad8 15. e3 c5 16. Ne2 cxd4 17. exd4 Bd7 18. Qa3 Bb5 19. Qb2 Nb4 20. Be3 Nxe3 21. fxe3 Nd5 22. Kf2 Bh6 23. Nf4 Nxf4 24. gxf4 Bxf1 25. Bxf1 Bg7 26. Bc4 Qd6 27. Rg1 e6 28. h4 Rc8 29. h5 a6 30. Bd3 Rc7 31. Qe2 Rfc8 32. Kg3 Rc1 33. Rg2 Qb4 34. Kh2 Qa5 35. Rg5 Qc3 36. Rg2 Qa1 37. Be4 R8c7 38. hxg6 hxg6 39. Kg3 Rh1 40. Qd2 Qc3 41. Qe2 Bf6 42. Kf2 Qa1 43. Kg3 Qf1 44. Qxf1 Rxf1 45. Nd2 Rfc1 46. a4 R7c3 47. Kf2 Bh4+ 48. Kf3 Re1 49. Re2 b6 50. Bb7 a5 51. Ba6 Rxe2 52. Kxe2 g5 53. Bc4 gxf4 54. exf4 Kg7 55. d5 exd5 56. Bxd5 Be7 57. Ne4 Rh3 58. Nf2 Rh4 59. Bf3 Rh2 60. Kf1 Bd6 61. f5 Bc5 62. Ng4 Rb2 63. Bd5 Bd4 64. Ke1 f6 65. Kf1 Kf8 66. Ke1 Ke7 67. Nh6 Kd6 68. Be6 Kc5 69. Ng8 Kb4 70. Ne7 Rxb3 71. Nc6+ Kxa4 72. Nxd4 Rd3 73. Nc2 b5 74. Ke2 Rd8 75. Ke3 0-1

[Event "SVK-chT2B 2324"]
[Site "Slovakia"]
[Date "2023.12.02"]
[Round "5.1"]
[White "Bango, Lukas"]
[Black "Srvatka, Igor"]
[Result "1-0"]
[WhiteElo "2259"]
[BlackElo "2152"]
[PlyCount "43"]
[EventDate "2023.10.07"]
[EventType "team-tourn"]
[EventRounds "11"]
[EventCountry "SVK"]
[SourceTitle "EXT 2025"]
[Source "ChessBase"]
[SourceDate "2024.10.14"]
[SourceVersion "1"]
[SourceVersionDate "2024.10.14"]
[SourceQuality "1"]
[WhiteTeam "Povazske Podhradie"]
[BlackTeam "Trencin"]
[WhiteTeamCountry "SVK"]
[BlackTeamCountry "SVK"]

1. Nf3 d5 2. d4 Nf6 3. g3 c6 4. Bg2 Bf5 5. 0-0 h6 6. c4 e6 7. Nc3 Nbd7 8. b3 Be7 9. Bb2 0-0 10. Nd2 a5 11. Re1 Qb8 12. Rc1 Rd8 13. e3 a4 14. bxa4 Qa7 15. cxd5 exd5 16. e4 dxe4 17. Ndxe4 Bb4 18. Qb3 Qa5 19. Nxf6+ Nxf6 20. Re5 Bxc3 21. Bxc3 Qxa4 22. Rxf5 1-0